<?xml version="1.0" encoding="UTF-8"?>
<record
    xmlns:xsi="http://www.w3.org/2001/XMLSchema-instance"
    xsi:schemaLocation="http://www.loc.gov/MARC21/slim http://www.loc.gov/standards/marcxml/schema/MARC21slim.xsd"
    xmlns="http://www.loc.gov/MARC21/slim">

  <leader>00758nam a2200193Ia 4500</leader>
  <controlfield tag="003">OSt</controlfield>
  <controlfield tag="005">20251004110200.0</controlfield>
  <controlfield tag="008">210210b2005   xxu||||| |||| 00| 0 eng d</controlfield>
  <datafield tag="040" ind1=" " ind2=" ">
    <subfield code="c">AL</subfield>
  </datafield>
  <datafield tag="041" ind1=" " ind2=" ">
    <subfield code="a">Kannada</subfield>
  </datafield>
  <datafield tag="082" ind1=" " ind2=" ">
    <subfield code="a">K894.1 ANAN</subfield>
  </datafield>
  <datafield tag="100" ind1=" " ind2=" ">
    <subfield code="a">ANAND Rugvedi.</subfield>
    <subfield code="d">&#xC86;&#xCA8;&#xC82;&#xCA6;&#xCCD; &#xCB0;&#xCC1;&#xC97;&#xCCD;&#xCB5;&#xCC7;&#xCA6;&#xCBF; </subfield>
    <subfield code="9">241595</subfield>
  </datafield>
  <datafield tag="245" ind1=" " ind2=" ">
    <subfield code="a">Ninna nenapigondu navilugari. (Kadengodlu Shankarabhattara kavya prashasti-2005).</subfield>
    <subfield code="b">&#xCA8;&#xCBF;&#xCA8;&#xCCD;&#xCA8; &#xCA8;&#xCC6;&#xCA8;&#xCAA;&#xCBF;&#xC97;&#xCCA;&#xC82;&#xCA6;&#xCC1; &#xCA8;&#xCB5;&#xCBF;&#xCB2;&#xCC1;&#xC97;&#xCB0;&#xCBF;. (&#xC95;&#xCA1;&#xCC6;&#xC82;&#xC97;&#xCCB;&#xCA1;&#xCCD;&#xCB2;&#xCC1; &#xCB6;&#xC82;&#xC95;&#xCB0;&#xCAD;&#xC9F;&#xCCD;&#xC9F;&#xCB0; &#xC95;&#xCBE;&#xCB5;&#xCCD;&#xCAF; &#xCAA;&#xCCD;&#xCB0;&#xCB6;&#xCB8;&#xCCD;&#xCA4;&#xCBF;-&#xCE8;&#xCE6;&#xCE6;&#xCEB;). </subfield>
  </datafield>
  <datafield tag="260" ind1=" " ind2=" ">
    <subfield code="a">Bengaluru</subfield>
    <subfield code="b">Abhinava Prakashana</subfield>
    <subfield code="c">2005</subfield>
  </datafield>
  <datafield tag="300" ind1=" " ind2=" ">
    <subfield code="a">xvi,54</subfield>
  </datafield>
  <datafield tag="690" ind1=" " ind2=" ">
    <subfield code="a">Kannada Poetry</subfield>
    <subfield code="9">241596</subfield>
  </datafield>
  <datafield tag="906" ind1=" " ind2=" ">
    <subfield code="a">061179</subfield>
  </datafield>
  <datafield tag="942" ind1=" " ind2=" ">
    <subfield code="2">ddc</subfield>
    <subfield code="c">BK</subfield>
  </datafield>
  <datafield tag="999" ind1=" " ind2=" ">
    <subfield code="c">107923</subfield>
    <subfield code="d">107923</subfield>
  </datafield>
  <datafield tag="952" ind1=" " ind2=" ">
    <subfield code="0">0</subfield>
    <subfield code="1">0</subfield>
    <subfield code="2">ddc</subfield>
    <subfield code="4">0</subfield>
    <subfield code="7">0</subfield>
    <subfield code="8">KAN</subfield>
    <subfield code="a">AL</subfield>
    <subfield code="b">AL</subfield>
    <subfield code="d">2021-02-17</subfield>
    <subfield code="e">Abhinava Prakashana, Bengaluru</subfield>
    <subfield code="g">50.00</subfield>
    <subfield code="l">0</subfield>
    <subfield code="o">K894.1 ANAN</subfield>
    <subfield code="p">061179</subfield>
    <subfield code="r">2021-02-17 00:00:00</subfield>
    <subfield code="w">2021-02-17</subfield>
    <subfield code="y">BK</subfield>
  </datafield>
</record>
